00442nam a22001337a 4500008004100000020001800041040005500059080002600114245009100140260003600231300001600267650001300283653001200296230621b |||||||| |||| 00| 0 eng d a9783452190161 aNational Science LibrarycNational Science Library aR 620.9(038)=30bM1.1 aDictionary of the energy-producing industry: bNuclear and non-nuclear energy sources  aKöln: bCarl Heymanns, c1981 avii, 166p.  aScience  aEnergy